Christian ethics and Indian ethos / (Record no. 279)
[ view plain ]
| 000 -LEADER | |
|---|---|
| fixed length control field | 01052nam a2200349 a 4500 |
| 001 - CONTROL NUMBER | |
| control field | 2557089 |
| 003 - CONTROL NUMBER IDENTIFIER | |
| control field | GBCCL |
| 005 - DATE AND TIME OF LATEST TRANSACTION | |
| control field | 20241126110334.0 |
| 008 - FIXED-LENGTH DATA ELEMENTS--GENERAL INFORMATION | |
| fixed length control field | 940630s1994 ii b 000 0 eng |
| 010 ## - | |
| -- | 94902561 |
| 020 ## - INTERNATIONAL STANDARD BOOK NUMBER | |
| International Standard Book Number | 8172141688 : |
| Terms of availability | Rs50.00 ($7.00 U.S.) |
| 025 ## - OVERSEAS ACQUISITION NUMBER | |
| Overseas acquisition number | I-E-73967 |
| 040 ## - CATALOGING SOURCE | |
| Original cataloging agency | DLC |
| Transcribing agency | DLC |
| 042 ## - | |
| -- | lcode |
| 043 ## - | |
| -- | a-ii--- |
| 050 00 - | |
| -- | BJ1251 |
| -- | .D27 1994 |
| 082 00 - DEWEY DECIMAL CLASSIFICATION NUMBER | |
| Classification number | 241.0954 |
| Edition information | 20 |
| Item number | DAS |
| 100 1# - MAIN ENTRY--PERSONAL NAME | |
| Personal name | Das, Somen, |
| Dates associated with a name | 1939- |
| 9 (RLIN) | 193 |
| 245 10 - TITLE STATEMENT | |
| Title | Christian ethics and Indian ethos / |
| Statement of responsibility, etc. | Somen Das. |
| 250 ## - EDITION STATEMENT | |
| Edition statement | Rev. and expanded ed. |
| 260 ## - PUBLICATION, DISTRIBUTION, ETC. | |
| Place of publication, distribution, etc. | Delhi : |
| Name of publisher, distributor, etc. | I.S.P.C.K., |
| Date of publication, distribution, etc. | 1989, 1994. |
| 300 ## - PHYSICAL DESCRIPTION | |
| Extent | 202 p. ; |
| Dimensions | 23 cm. |
| 490 1# - SERIES STATEMENT | |
| Series statement | ISPCK contextual education series ; |
| Volume/sequential designation | no. 3 |
| 504 ## - BIBLIOGRAPHY, ETC. NOTE | |
| Bibliography, etc. note | Includes bibliographical references. |
| 650 #0 - SUBJECT ADDED ENTRY--TOPICAL TERM | |
| Topical term or geographic name entry element | Christian ethics. |
| 9 (RLIN) | 68 |
| 650 #0 - SUBJECT ADDED ENTRY--TOPICAL TERM | |
| Topical term or geographic name entry element | Social ethics. |
| 9 (RLIN) | 171 |
| 651 #0 - SUBJECT ADDED ENTRY--GEOGRAPHIC NAME | |
| Geographic name | India |
| General subdivision | Civilization. |
| 9 (RLIN) | 194 |
| 830 #0 - | |
| -- | I.S.P.C.K. C.T.E. series ; |
| -- | 3. |
| -- | 195 |
| 906 ## - LOCAL DATA ELEMENT F, LDF (RLIN) | |
| a | 7 |
| b | cbc |
| c | origode |
| d | 2 |
| e | ncip |
| f | 19 |
| g | y-gencatlg |
| 942 ## - ADDED ENTRY ELEMENTS (KOHA) | |
| Source of classification or shelving scheme | Dewey Decimal Classification |
| Koha item type | Books |
| Koha issues (borrowed), all copies | 12 |
| Withdrawn status | Lost status | Source of classification or shelving scheme | Damaged status | Not for loan | Home library | Current Library | Shelving location | Date acquired | Total checkouts | Total renewals | Full call number | Barcode | Date last seen | Date last checked out | Copy number | Price effective from | Koha item type |
|---|---|---|---|---|---|---|---|---|---|---|---|---|---|---|---|---|---|
| Dewey Decimal Classification | GRACE BIBLE COLLEGE | GRACE BIBLE COLLEGE | Theology | 2016-10-13 | 13 | 1 | 241.0954 DAS | 005302 | 2025-05-01 | 2024-07-19 | c.2 | 2016-10-13 | Books | ||||
| Dewey Decimal Classification | GRACE BIBLE COLLEGE | GRACE BIBLE COLLEGE | Theology | 2016-10-13 | 4 | 1 | 241.0954 DAS | 005301 | 2025-05-01 | 2024-09-06 | c.1 | 2016-10-13 | Books |